Optics in Astrophysics : Proceedings of the NATO Advanced Study Institute on Optics in Astrophysics, Cargèse, France from 16 to 28 September 2002 /

Shranjeno v:
Bibliografske podrobnosti
Glavni avtor: Renaud Foy, Françoise Claude Foy (edición)
Format: Knjiga
Jezik:angleščina
Izdano: Dordrecht, Holanda : Springer, 2005, c2005
Serija:(NATO Science Series II: Mathematics, Physics and Chemistry)
Online dostop:Ver documento en línea
Oznake: Označite
Brez oznak, prvi označite!

MARC

LEADER 00000nam^a22000000a04500
001 000599999
009 20260414175115.085
020 |a 978-1-4020-3437-4 
037 |a Acervo ITESO - Biblioteca 
041 |a ING 
082 |a Libro en línea 
100 |a Renaud Foy, Françoise Claude Foy  |e (edición) 
245 |a Optics in Astrophysics :  |b Proceedings of the NATO Advanced Study Institute on Optics in Astrophysics, Cargèse, France from 16 to 28 September 2002 / 
264 4 |a Dordrecht, Holanda :  |b Springer,  |c 2005, c2005 
264 2 |a Cham, Suiza :  |b Springer Link [distribución],  |c 2025 
300 |a 1 libro electrónico en línea (XVI, 422 p.) 
300 |a 1 recurso en línea 
336 |a datos para computadora  |b cod  |2 rdacontenido 
337 |a computadora  |b c  |2 rdamedio 
338 |a recurso en línea  |b cr  |2 rdasoporte 
440 |a (NATO Science Series II: Mathematics, Physics and Chemistry) 
506 0 |a Licencias ilimitadas 
567 |a Catalogación rápida 
649 |a XX 
856 4 0 |u https://link-springer-com.ezproxy.iteso.mx/10.1007/1-4020-3437-7  |y Ver documento en línea 
910 |a Fondo General 
920 |a Electrónicos - Libros en Línea 
930 |a Plataforma Digital 
905 |a 205 
902 |a https://opac.biblio.iteso.mx/vufind/Record/000599999